| 000 | 00466nam a2200145 a 4500 | ||
|---|---|---|---|
| 001 | 000045597 | ||
| 005 | 20250221073755.0 | ||
| 008 | 150416s1999 dr a 000 0 spa d | ||
| 040 |
_aDO-SdBNP _bspa _cBNPHU |
||
| 082 |
_axxxx _bxxxx |
||
| 245 | 0 | 0 | _aManual de estandarización de intercambio de documentos. |
| 260 |
_aSanto Domingo : _bONE, _c1999. |
||
| 300 |
_a34 p. : _bil., mapas ; _c22 cm. |
||
| 710 | 1 | 2 |
_aRepública Dominicana. _bOficina Nacional de Estadística _95775 |
| 999 |
_c45086 _d45086 |
||